Организация физической реабилитации больных проживающих в сельской местности; Физическая культура и спорт на современном этапе: проблемы, поиски, решения

Dettagli Bibliografici
Parent link:Физическая культура и спорт на современном этапе: проблемы, поиски, решения.— 2013.— [С. 171-174]
Autore principale: Вершинин Р. А.
Ente Autore: Национальный исследовательский Томский политехнический университет (ТПУ) Институт социально-гуманитарных технологий (ИСГТ) Кафедра спортивных дисциплин (СД)
Altri autori: Пашков В. К. Вячеслав Константинович
Riassunto:Заглавие с титульного экрана
Lingua:russo
Pubblicazione: 2013
Serie:Лечебная и адаптивная физическая культура
Soggetti:
Accesso online:http://www.lib.tpu.ru/fulltext/c/2013/C101/002.pdf
Natura: MixedMaterials Elettronico Capitolo di libro
KOHA link:https://koha.lib.tpu.ru/cgi-bin/koha/opac-detail.pl?biblionumber=612957

MARC

LEADER 00000naa2a2200000 4500
001 612957
005 20231101132731.0
035 |a (RuTPU)RU\TPU\conf\11088 
035 |a RU\TPU\conf\11086 
090 |a 612957 
100 |a 20150702d2013 k y0rusy50 ca 
101 0 |a rus 
102 |a RU 
105 |a y z 101zy 
135 |a drnn ---uucaa 
181 0 |a i  
182 0 |a b 
200 1 |a Организация физической реабилитации больных проживающих в сельской местности  |f Р. А. Вершинин, В. К. Пашков 
203 |a Текст  |c электронный 
225 1 |a Лечебная и адаптивная физическая культура 
230 |a 1 компьютерный файл (pdf; 213 Kb) 
300 |a Заглавие с титульного экрана 
320 |a [Библиогр.: с. 174 (3 назв.)] 
337 |a Adobe Reader 
463 0 |0 (RuTPU)RU\TPU\conf\11079  |t Физическая культура и спорт на современном этапе: проблемы, поиски, решения  |o материалы межрегиональной научно-практической конференции, Томск, 13 декабря 2013 г.  |f Национальный исследовательский Томский политехнический университет (ТПУ), Институт социально-гуманитарных технологий (ИСГТ), Кафедра спортивных дисциплин (СД)  |v [С. 171-174]  |d 2013 
610 1 |a труды учёных ТПУ 
610 1 |a электронный ресурс 
610 1 |a ДЦП 
610 1 |a реабилитация 
610 1 |a лечебная физическая культура 
610 1 |a лечение 
610 1 |a сельская местность 
700 1 |a Вершинин  |b Р. А. 
701 1 |a Пашков  |b В. К.  |c специалист в области физической культуры и спорта  |c профессор Томского политехнического университета, доктор медицинских наук  |f 1947-  |g Вячеслав Константинович  |2 stltpush  |3 (RuTPU)RU\TPU\pers\34472 
712 0 2 |a Национальный исследовательский Томский политехнический университет (ТПУ)  |b Институт социально-гуманитарных технологий (ИСГТ)  |b Кафедра спортивных дисциплин (СД)  |h 2608  |2 stltpush  |3 (RuTPU)RU\TPU\col\18985 
801 2 |a RU  |b 63413507  |c 20150702  |g RCR 
856 4 |u http://www.lib.tpu.ru/fulltext/c/2013/C101/002.pdf 
942 |c BK